Orthographe de lieux à choix multiples - Mort subite - Statistiques

Statistiques générales
  • Ce quiz a été pris 2 263 fois
  • Le résultat moyen est 5 sur 14
Answers on the Grid
Answers color-coded by a green-red scale on the quiz's grid according to % correct below.
Liechenstein
Liechtenstein
Leichtenstein
Mer Méditerrannée
Mer Méditerranée
Mer Méditeranée
Massachusets
Masachusetts
Massachusetts
Pyrrénées
Pyrennées
Pyrénées
Reykyavík
Reykjavík
Rejkyavík
Carcasonne
Carcassone
Carcassonne
Philippines
Philipines
Phillippines
New Delhi
New Dehli
New Dheli
Ljubjana
Ljubljana
Ljubjlana
Azerbadian
Azebraijan
Azerbaïdjan
Stockolm
Stockholm
Stockohlm
Kirghizistan
Khirgizstan
Kirghystan
Ruhr
Rhur
Rurh
Saskachtewan
Saskatchewan
Saksatchewan
 
Statistiques - réponses
Réponse % Correct
Liechtenstein
91%
Mer Méditerranée
65%
Massachusetts
50%
Pyrénées
47%
Reykjavík
36%
Philippines
27%
Carcassonne
26%
New Delhi
23%
Azerbaïdjan
21%
Stockholm
21%
Kirghizistan
18%
Ljubljana
16%
Ruhr
11%
Saskatchewan
9%
Aucun quiz correspondant
Distribution des résultats
% des personnes avec chaque résultat
Percentile par nombre de réponses
Votre historique - résultats
Vous n’avez pas pris ce quiz